| 000 | 00630nam a2200217 u 4500 | ||
|---|---|---|---|
| 005 | 20240919064300.0 | ||
| 008 | 071009s2006 mx r 000 0 spa d | ||
| 020 | _a8424113055 (10 dígitos) | ||
| 020 | _a9788424113056 (13 dígitos) | ||
| 035 | _aUPN01000152717 | ||
| 049 | _aI | ||
| 050 | 4 |
_aPZ71 _bC5.3 |
|
| 100 | 1 | _aClements, Andrew | |
| 245 | 1 | 0 |
_aDinero para comer / _cAndrew Clements ; il. por Brian Selznick. |
| 260 |
_aLeón, Esp. : _bEverest, _c2006. |
||
| 300 |
_a190 p. : _bil. |
||
| 440 | 0 | _aMontaña encantada | |
| 650 | 4 |
_aLibros y lectura para niños _92290 |
|
| 650 | 4 |
_aDinero _910548 |
|
| 905 | _aInfantil | ||
| 999 |
_c124840 _d124840 |
||